000 01155cam a22003377a 4500
001 000093163
003 CHAP
005 20220329142921.0
008 050221d1997 mx r 10010 spa d
010 _a89629
011 _a90601
035 _a101157
040 _cCHAP
082 1 0 _a636.39
_bR4 1997
111 0 0 _aReunión Nacional sobre Caprinocultura (
_n12 :
_d1997 :
_cTorreón, Coah.)
_9175474
245 1 0 _aMemorias /
_cpor Universidad Autónoma Agraria Antonio Narro Unidad Laguna.
260 _aTorreón, Coah. :
_bUniversidad Autónoma Agraria Antonio Narro Unidad Laguna,
_c1997.
300 _a308 p.
590 _aBATCH-UPD
_b10
_c20130110
_lUCH01
_h0637
590 _aBATCH-UPD
_b10
_c20130410
_lUCH01
_h0321
590 _aBATCH-UPD
_b10
_c20130914
_lUCH01
_h1508
590 _aCONVERSION
_b10
_c20130109
_lUCH01
_h1350
590 _aE5995AHE
_b05
_c20150326
_lUCH01
_h1446
650 1 4 _aGanado cabrío
_xCongresos.
_944999
650 1 4 _aGanado cabrío
_xMejoramiento.
_945023
901 _aBK
905 _aAlejandra Carrasco M.
942 _cLIBRO
942 _n0
949 _a636.39 R4 1997
_bBC
_cCONG
_d33724000795662
_eCONG
_h104950
_i101157
_sb
999 _c89629
_d89629